| 000 | 00615nam a2200181 a 4500 | ||
|---|---|---|---|
| 001 | 000039619 | ||
| 005 | 20201002033640.0 | ||
| 008 | 130711s1983 ch a 000 0 spa d | ||
| 040 |
_aDO-SdBNP _bspa _cBNPHU |
||
| 245 | 0 | 0 |
_aSantiago de nueva extremadura / _cPrólogo Enrique Campos Menendez. |
| 260 |
_aChile : _bDirección de Bibliotecas, Archivos y Museos, _c1983. |
||
| 300 |
_a142 p. : _bils. ; _cBNPHU. |
||
| 490 | 1 | _aChile y su Cultura | |
| 490 | 1 | _aMonumentos Nacionales | |
| 700 | 1 |
_aCampos Menendez, Enrique, _epról. _918487 |
|
| 830 | 0 |
_aChile y su Cultura _965790 |
|
| 830 | 0 |
_aMonumentos Nacionales _965791 |
|
| 999 |
_c39109 _d39109 |
||